Death Metal - Meistgehörte Bands auf Spotify - Statistiken

Allgemein
  • Dieses Quiz wurde 32 mal gespielt
  • Das Durchschnittsergebnis liegt bei 9 aus 50
Antwortstatistiken
Nr Band Monatliche Hörer % Korrekt
10 Death 812,048
80%
16 Cannibal Corpse 651,693
76%
8 Amon Amarth 1,006,050
44%
30 Obituary 314,206
44%
6 Arch Enemy 1,209,744
36%
19 Behemoth 528,872
36%
44 Morbid Angel 216,394
36%
27 Carcass 346,240
32%
4 In Flames 1,859,485
32%
35 At The Gates 247,016
28%
50 Deicide 194,897
28%
9 Lorna Shore 916,250
28%
11 Opeth 796,720
28%
5 Sepultura 1,723,844
28%
43 Dying Fetus 219,667
24%
48 Entombed 197,642
24%
7 Slaughter to Prevail 1,111,712
24%
1 Slayer 3,561,239
24%
12 Children Of Bodom 763,275
20%
32 Dark Tranquillity 302,886
20%
2 Gojira 2,227,396
20%
31 Heaven Shall Burn 308,816
20%
29 Mayhem 333,492
20%
17 Suicide Silence 603,071
20%
28 Fit For An Autopsy 338,504
16%
3 Lamb of God 2,004,190
16%
14 Whitechapel 726,193
16%
36 Amorphis 240,243
12%
15 Meshuggah 655,201
12%
22 Thy Art Is Murder 437,127
12%
37 Angelmaker 239,964
8%
23 Chelsea Grin 430,827
8%
41 Decapitated 221,490
8%
47 Dissection 198,268
8%
13 Cradle Of Filth 734,775
4%
24 Dimmu Borgir 411,542
4%
39 Mortician 224,372
4%
33 PeelingFlesh 265,357
4%
21 Soilwork 481,550
4%
46 The Black Dahlia Murder 204,496
4%
45 Bodysnatcher 205,701
0%
20 Brand of Sacrifice 527,019
0%
18 Metalocalypse: Dethklok 581,800
0%
25 Orbit Culture 391,016
0%
42 Rivers of Nihil 220,566
0%
26 Shadow of Intent 384,695
0%
49 Sylosis 196,661
0%
38 Synestia 227,698
0%
40 The Halo Effect 221,613
0%
34 Therion 258,339
0%
Keine übereinstimmenden Quizze gefunden
Verteilung der Resultate
Anzahl Personen mit jedem Resultat
Perzentil nach korrekt beantworteten Fragen
Ihre Resultats-Entwicklung
Sie haben dieses Quiz noch nicht gespielt